000 00792nam a2200253Ia 4500
005 20230602101413.0
008 131103s9999 xx 000 0 und d
020 _a710212577
_cRs 200
040 _aLoreto College
041 _aEnglish
082 _a335
_bSOC
245 _aSocialism and the intelligentsia 1880-1914
_cEdited by Carl Levy
260 _aLondon and New York
_bRoutledge and Kegan Paul
_c1987
300 _axiii,301p
440 _aHistory Workshop
504 _aIncludes bibliographical references and index
630 _aEurope Socialism, 1880-1914
630 _aMiddleclass - Europe - History
650 _aEducation - Social Aspects - Europe - History
651 _aSocialism - Europe - History
700 _aLevy, Carl, 1951
850 _aLCLIB
942 _cBK
999 _c5706
_d56185